| 000 | 00343cam a2200133ua 4500 | ||
|---|---|---|---|
| 020 | _a9788173199653 | ||
| 082 |
_a621.815 _bRAM/FI |
||
| 100 |
_aRamamurti, V, _91393 |
||
| 245 | 0 | _aFinite Element Method in Machine Design | |
| 250 | _a1. | ||
| 260 |
_aNew Delhi _bNarosa Publishing House _c2009 |
||
| 300 |
_a452: _b40 tbls;186 fig. |
||
| 942 | _cBK | ||
| 999 |
_c13604 _d13604 |
||